Stews - Sudden Death - Statistics

General Stats
  • This quiz has been taken 96 times
  • The average score is 4 of 16
Answers on the Grid
Answers color-coded by a green-red scale on the quiz's grid according to % correct below.
Beef bourguignon
Blanquette de veau
Cassoulet
Fabada asturiana
Feijoada à brasileira
Chili con carne
Ragoût de boulettes
Bánh mì
Fattoush
Döner kebab
Khuushuur
Po' boy
Falafel
Okonomiyaki
Japchae
Suya / Tsire
Ginataang kalabasa
Kimchi-jjigae
Waterblommetjie bredie
Domoda
Fish molly / Fish molee
Bigos
Kare-kare
Fahsa
Algerian tagine zitoune
Tunisian tagine malsouka
Quesadilla
Timballo
 
Answer Stats
Answer % Correct
Chili con carne
65%
Beef bourguignon
61%
Cassoulet
53%
Ragoût de boulettes
49%
Kimchi-jjigae
33%
Algerian tagine zitoune
26%
Blanquette de veau
25%
Fish molly / Fish molee
25%
Fabada asturiana
18%
Feijoada à brasileira
18%
Waterblommetjie bredie
18%
Bigos
16%
Kare-kare
16%
Ginataang kalabasa
14%
Domoda
7%
Fahsa
7%
No matching quizzes found
Score Distribution
Percent of People with Each Score
Percentile by Number Answered
Your Score History
You have not taken this quiz